Premier League Champions: sudddn death - Statistiken

Allgemein
  • Dieses Quiz wurde 549 mal gespielt
  • Das Durchschnittsergebnis liegt bei 4 aus 6
Answers on the Grid
Answers color-coded by a green-red scale on the quiz's grid according to % correct below.
Machester United
Machester City
Tottenham Hotspur
Newcastle United
Fc Liverpool
West Ham United
Fc Arsenal
Aston villa
Leeds United
Ipswich Town
Fc Chelsea
Fc Everton
 
Antwortstatistiken
Antwort % Korrekt
Machester City
96%
Machester United
96%
Fc Liverpool
77%
Fc Chelsea
65%
Fc Arsenal
62%
Fc Everton
14%
Keine übereinstimmenden Quizze gefunden
Verteilung der Resultate
Anzahl Personen mit jedem Resultat
Perzentil nach korrekt beantworteten Fragen
Ihre Resultats-Entwicklung
Sie haben dieses Quiz noch nicht gespielt